000 00822cam a22002773a 4500
001 9165
003 PGUSA
005 20140828083208.0
008 051001s2005||||xxu|||||s|||||000 1 eng d
040 _aPGUSA
_beng
042 _adc
050 4 _aPQ
100 1 _aZola, Émile,
_d1840-1902
245 1 4 _aThe Three Cities Trilogy :
_bParis, Volume 2
_h[electronic resource] /
_cÉmile Zola
260 _bProject Gutenberg,
_c2005
506 _aPublic domain in the USA.
516 _aElectronic text
653 _aMan-woman relationships -- Fiction
653 _aParis (France) -- Fiction
653 _aClergy -- Fiction
653 _aCatholics -- Fiction
700 1 _aVizetelly, Ernest Alfred,
_d1853-1922
830 0 _aProject Gutenberg
_v9165
856 4 0 _uhttp://www.gutenberg.org/ebooks/9165
942 _cEB
999 _c238421
_d238421